ბათუმის შოთა რუსთაველის სახელმწიფო უნივერსიტეტის ბიბლიოთეკა

The explosive child : (ბიბ.ჩანაწერი № 58097)

000 -LEADER
fixed length control field 00999cam a2200265 a 4500
001 - CONTROL NUMBER
control field 16694719
005 - DATE AND TIME OF LATEST TRANSACTION
control field 20210614143521.0
008 - FIXED-LENGTH DATA ELEMENTS--GENERAL INFORMATION
fixed length control field 110316t20052010nyu 000 0 eng
020 ## - INTERNATIONAL STANDARD BOOK NUMBER
International Standard Book Number 9780062270450
041 ## - LANGUAGE CODE
Language code of text/sound track or separate title eng
080 ## - UNIVERSAL DECIMAL CLASSIFICATION NUMBER
Universal Decimal Classification number 376-056.26+159.922.8 G-80
100 1# - MAIN ENTRY--PERSONAL NAME
Personal name Greene, Ross W.
9 (RLIN) 11968
245 14 - TITLE STATEMENT
Title The explosive child :
Remainder of title a new approach for understanding and parenting easily frustrated, chronically inflexible children /
Statement of responsibility, etc. Ross W. Greene.
264 ## - PRODUCTION, PUBLICATION, DISTRIBUTION, MANUFACTURE, AND COPYRIGHT NOTICE
Place of production, publication, distribution, manufacture New York :
Name of producer, publisher, distributor, manufacturer Harper,
Date of production, publication, distribution, manufacture, or copyright notice 2010.
300 ## - PHYSICAL DESCRIPTION
Extent 314 p. ;
Dimensions 21 cm.
653 ## - INDEX TERM--UNCONTROLLED
keyword პრობლემური ბავშველი
653 ## - INDEX TERM--UNCONTROLLED
keyword трудный ребенок
653 ## - INDEX TERM--UNCONTROLLED
keyword ქცევის დარღვევები ბავშვებში
653 ## - INDEX TERM--UNCONTROLLED
keyword Расстройства поведения у детей
653 ## - INDEX TERM--UNCONTROLLED
keyword პედაგოგიკა
653 ## - INDEX TERM--UNCONTROLLED
keyword Педагогика
653 ## - INDEX TERM--UNCONTROLLED
keyword ფსიქოლოგია
653 ## - INDEX TERM--UNCONTROLLED
keyword Психология
942 ## - ADDED ENTRY ELEMENTS (KOHA)
Source of classification or shelving scheme
Koha item type წიგნი
ეგზემპლარები
Withdrawn status Lost status Source of classification or shelving scheme Damaged status Not for loan Permanent Location Current Location Shelving location Date acquired Cost, normal purchase price Full call number Barcode Date last seen Copy number Price effective from Koha item type Public note
          ბათუმის შოთა რუსთაველის სახელმწიფო უნივერსიტეტის მთავარი ბიბლიოთეკა ბათუმის შოთა რუსთაველის სახელმწიფო უნივერსიტეტის მთავარი ბიბლიოთეკა წიგნსაცავი 2021-06-14 69.00 376-056.26+159.922.8 G-80 61385 2021-06-14 61385 2021-06-14 წიგნი 69 ლ.